[Event "Vojvodina-ch 7th"]
[Site "Novi Sad"]
[Date "2016.07.16"]
[Round "2"]
[White "Besedes, Danilo"]
[Black "Osmanovic, Faruk"]
[Result "0-1"]
[WhiteElo "2306"]
[BlackElo "2085"]
[PlyCount "49"]
[EventDate "2016.07.15"]
[EventType "swiss"]
[EventRounds "9"]
[EventCountry "YUG"]
[SourceTitle "CBM 173 Extra"]
[Source "ChessBase"]
[SourceDate "2016.08.29"]
[SourceVersion "1"]
[SourceVersionDate "2016.08.29"]
[SourceQuality "1"]

1. d4 d5 2. Nf3 Nf6 3. Bf4 c5 4. e3 e6 5. c3 Nc6 6. Nbd2 Be7 7. Bd3 Nh5 8. Be5 0-0 9. h4 f5 10. Qe2 c4 11. Bc2 b5 12. Ng5 g6 13. g4 Ng7 14. gxf5 exf5 15. Rg1 b4 16. cxb4 Nxb4 17. Bb1 Bxg5 18. Rxg5 Ne6 19. Rg1 Kf7 20. h5 c3 21. hxg6+ hxg6 22. bxc3 Ba6 23. Qf3 Rc8 24. Rxg6 Kxg6 25. Qg4+ 0-1

[Event "Verbandsliga Nordbaden 1516"]
[Site "Baden"]
[Date "2015.12.13"]
[Round "4.4"]
[White "Osmanovic, Faruk"]
[Black "Kraemer, Enrico"]
[Result "1/2-1/2"]
[WhiteElo "2029"]
[BlackElo "2174"]
[PlyCount "66"]
[EventDate "2015.09.27"]
[EventType "team-tourn"]
[EventRounds "9"]
[EventCountry "GER"]
[SourceTitle "EXT 2022"]
[Source "ChessBase"]
[SourceDate "2021.10.06"]
[SourceVersion "1"]
[SourceVersionDate "2021.10.06"]
[SourceQuality "1"]
[WhiteTeam "Ettlingen II"]
[BlackTeam "Leimen"]
[WhiteTeamCountry "GER"]
[BlackTeamCountry "GER"]

1. e4 e6 2. d4 d5 3. Nc3 Nf6 4. exd5 exd5 5. Bg5 Be7 6. Bd3 0-0 7. Nf3 Re8 8. 0-0 Bg4 9. h3 Bh5 10. Re1 Nbd7 11. g4 Bg6 12. Ne5 Bxd3 13. Qxd3 c6 14. Qf5 Nb6 15. Re3 Nc8 16. Bxf6 Bxf6 17. Rae1 Nd6 18. Qd3 Bxe5 19. Rxe5 Qd7 20. b3 f6 21. R5e3 Rxe3 22. Rxe3 Re8 23. f3 Rxe3 24. Qxe3 Kf7 25. Ne2 Qe7 26. Kf2 Qxe3+ 27. Kxe3 g6 28. a4 b6 29. Nf4 Ke7 30. Nd3 Ke6 31. Nf4+ Ke7 32. Nd3 Ke6 33. Nf4+ Ke7 1/2-1/2

[Event "Forchheim op-B 12th"]
[Site "Forchheim"]
[Date "2013.09.27"]
[Round "1"]
[White "Pokorny, Klaus"]
[Black "Osmanovic, Faruk"]
[Result "0-1"]
[WhiteElo "1942"]
[BlackElo "2002"]
[PlyCount "48"]
[EventDate "2013.09.27"]
[EventType "swiss"]
[EventRounds "5"]
[EventCountry "GER"]
[SourceTitle "EXT 2019"]
[Source "ChessBase"]
[SourceDate "2018.10.10"]
[SourceVersion "1"]
[SourceVersionDate "2018.10.10"]
[SourceQuality "1"]

1. c4 c6 2. e4 d5 3. exd5 cxd5 4. d4 Nf6 5. Nc3 Nc6 6. Bg5 dxc4 7. Bxc4 Qxd4 8. Qb3 Qe5+ 9. Be3 e6 10. Nf3 Qh5 11. 0-0-0 Bc5 12. Nd4 Nxd4 13. Bxd4 0-0 14. Bxf6 Qh6+ 15. Kb1 Qxf6 16. Ne4 Qe7 17. Rhe1 b6 18. f4 Bb7 19. Ng5 Rae8 20. Bxe6 Kh8 21. Qd3 f5 22. Nxh7 Be4 23. Rxe4 fxe4 24. Qh3 Qxe6 0-1

[Event "Baden-ch op U2000"]
[Site "Birkenfeld"]
[Date "2013.06.01"]
[Round "5"]
[White "Osmanovic, Faruk"]
[Black "Brenzinger, Thomas"]
[Result "1/2-1/2"]
[WhiteElo "2037"]
[BlackElo "1833"]
[PlyCount "44"]
[EventDate "2013.05.30"]
[EventType "swiss"]
[EventRounds "7"]
[EventCountry "GER"]
[SourceTitle "EXT 2014"]
[Source "ChessBase"]
[SourceDate "2013.11.20"]
[SourceVersion "1"]
[SourceVersionDate "2013.11.20"]
[SourceQuality "1"]

1. e4 g6 2. d4 Bg7 3. Nc3 d6 4. f4 Nf6 5. Nf3 c5 6. Bb5+ Bd7 7. e5 Ng4 8. Bxd7+ Qxd7 9. d5 dxe5 10. h3 Nh6 11. Nxe5 Qc7 12. 0-0 0-0 13. Nb5 Qd8 14. Be3 Nd7 15. g4 f5 16. d6 exd6 17. Qd5+ Kh8 18. Nxd6 Nxe5 19. fxe5 Qh4 20. Bxh6 Bxh6 21. Qf3 fxg4 22. Qxg4 Qe7 1/2-1/2

[Event "Baden-ch op U2000"]
[Site "Birkenfeld"]
[Date "2013.06.01"]
[Round "6"]
[White "Werner, Bernd Michael"]
[Black "Osmanovic, Faruk"]
[Result "1/2-1/2"]
[WhiteElo "2087"]
[BlackElo "2037"]
[PlyCount "104"]
[EventDate "2013.05.30"]
[EventType "swiss"]
[EventRounds "7"]
[EventCountry "GER"]
[SourceTitle "EXT 2014"]
[Source "ChessBase"]
[SourceDate "2013.11.20"]
[SourceVersion "1"]
[SourceVersionDate "2013.11.20"]
[SourceQuality "1"]

1. e4 c5 2. c4 Nc6 3. Nc3 g6 4. g3 Bg7 5. Bg2 d6 6. d3 Nf6 7. Nge2 Bg4 8. h3 Bd7 9. Rb1 0-0 10. 0-0 Rb8 11. a3 a5 12. Be3 Ne8 13. f4 e6 14. g4 Nc7 15. Qd2 Nd4 16. b4 axb4 17. axb4 b6 18. Bf2 Bc6 19. Nxd4 cxd4 20. Ne2 e5 21. f5 Bf6 22. Qe1 gxf5 23. exf5 Bxg2 24. Kxg2 b5 25. Ng3 d5 26. c5 Re8 27. Nh5 e4 28. Nxf6+ Qxf6 29. Bh4 Qh6 30. Bg3 exd3 31. Bf4 Rxe1 32. Bxh6 Re2+ 33. Rf2 Ra8 34. Rb2 Rae8 35. Kf3 R2e3+ 36. Kg2 Na6 37. Rf3 Re2+ 38. Rf2 R2e4 39. Bf4 Nb8 40. Rf3 Nc6 41. Rff2 f6 42. g5 Kf7 43. gxf6 Rg8+ 44. Kh2 Ne5 45. Bxe5 Rxe5 46. Ra2 Rg5 47. Ra7+ Kxf6 48. Ra6+ Kf7 49. Ra7+ Kf8 50. Ra8+ Kf7 51. Ra7+ Kf8 52. Ra8+ Kf7 1/2-1/2

[Event "Baden-ch op U2000"]
[Site "Birkenfeld"]
[Date "2013.05.30"]
[Round "1"]
[White "Osmanovic, Faruk"]
[Black "Bay, Nicolai"]
[Result "1-0"]
[WhiteElo "2037"]
[BlackElo "1913"]
[PlyCount "67"]
[EventDate "2013.05.30"]
[EventType "swiss"]
[EventRounds "7"]
[EventCountry "GER"]
[SourceTitle "EXT 2014"]
[Source "ChessBase"]
[SourceDate "2013.11.20"]
[SourceVersion "1"]
[SourceVersionDate "2013.11.20"]
[SourceQuality "1"]

1. e4 c5 2. Nf3 d6 3. Bb5+ Nd7 4. 0-0 Ngf6 5. Re1 a6 6. Bf1 Qc7 7. c3 b5 8. d4 e5 9. Bg5 Bb7 10. Nbd2 Be7 11. h3 0-0 12. Bd3 Rfe8 13. Nf1 c4 14. Bc2 Bf8 15. Ng3 g6 16. Qd2 Bg7 17. Bh6 Re7 18. Nf5 gxf5 19. Qg5 Ne8 20. Bxg7 Nxg7 21. Qxe7 f6 22. dxe5 Re8 23. Qxd6 Qxd6 24. exd6 fxe4 25. Nd4 Nc5 26. a4 bxa4 27. Bxa4 Rd8 28. d7 Nd3 29. Re2 f5 30. f3 Nf4 31. Re3 Nd5 32. Ree1 e3 33. f4 Kf8 34. Bc6 1-0

[Event "Forchheim op-B 11th"]
[Site "Forchheim"]
[Date "2012.09.30"]
[Round "5"]
[White "Killmann, Martin"]
[Black "Osmanovic, Faruk"]
[Result "1/2-1/2"]
[WhiteElo "1774"]
[BlackElo "2006"]
[PlyCount "117"]
[EventDate "2012.09.28"]
[EventType "swiss"]
[EventRounds "5"]
[EventCountry "GER"]
[SourceTitle "EXT 2019"]
[Source "ChessBase"]
[SourceDate "2018.10.10"]
[SourceVersion "1"]
[SourceVersionDate "2018.10.10"]
[SourceQuality "1"]

1. c4 Nf6 2. Nc3 e5 3. Nf3 Nc6 4. g3 d5 5. cxd5 Nxd5 6. Nxd5 Qxd5 7. d3 Nd4 8. Bg2 Bb4+ 9. Bd2 Qa5 10. Nxd4 exd4 11. a3 Bxd2+ 12. Qxd2 Qxd2+ 13. Kxd2 c6 14. b4 Ke7 15. Rhc1 Rd8 16. Rc5 a6 17. Rac1 Be6 18. Rb1 Kd6 19. a4 Rac8 20. Rc2 Bd5 21. Bxd5 Kxd5 22. Rc5+ Kd6 23. Rc4 Kd5 24. Rbc1 Ra8 25. Rc5+ Ke6 26. R1c2 Rd5 27. e4 dxe3+ 28. fxe3 Rad8 29. d4 f5 30. Kd3 g6 31. Rxd5 cxd5 32. Ke2 Rd7 33. Kf3 Kd6 34. Kf4 Re7 35. Rc3 h6 36. Rc8 Re4+ 37. Kf3 Re6 38. Rh8 h5 39. Rc8 Kd7 40. Rc5 Kd6 41. Kf4 Re4+ 42. Kf3 Re8 43. Kf4 Re4+ 44. Kf3 h4 45. Rc8 hxg3 46. hxg3 g5 47. Rf8 g4+ 48. Kf2 Ke6 49. Rb8 f4 50. gxf4 g3+ 51. Kxg3 Rxe3+ 52. Kf2 Re4 53. Rxb7 Rxd4 54. Ke3 Re4+ 55. Kf3 Kf5 56. Rf7+ Kg6 57. Rd7 Rxb4 58. Rxd5 Rxa4 59. Rf5 1/2-1/2